Rockin - The Weeknd Lyrics - Statistics

General Stats
  • This quiz has been taken 75 times
  • The average score is 252 of 308
Answer Stats
Hint Answer % Correct
be
100%
can
100%
I
100%
just
100%
rockin',
100%
to
100%
We
100%
we
100%
don't
97%
life
97%
me,
97%
me
97%
with
97%
Yeah,
97%
2x yeah,
97%
yeah
97%
you
97%
Chorus You
97%
your
97%
body
94%
have
94%
spend
94%
want
94%
'Cause
91%
it
91%
much
91%
next
91%
so
91%
the
88%
away
84%
brings
84%
energy
84%
go!
84%
baby,
81%
from
81%
see
81%
this
81%
This
81%
wanna
81%
waste
81%
got
78%
that
78%
moment?
75%
oh
75%
all
72%
always
72%
ecstasy
72%
I'm
72%
on
72%
own
72%
take
72%
Why
72%
ones
69%
stay
69%
too
69%
get
66%
people
66%
would
66%
about
63%
talk
63%
these
63%
those
63%
many
59%
seem
59%
women
59%
distracted
56%
attracted
53%
calls
53%
crazy,
53%
fame
53%
missed
53%
lose
50%
way
50%
n*ggas
47%
tryna
47%
focused
44%
in
41%
mixed
41%
texting
41%
Adderall
38%
beat,
38%
'bout
38%
gonna
38%
Woo-hoo!
38%
either
34%
I'ma
34%
uh,
34%
liquor
31%
reckless
31%
acting
28%
Let's
28%
Nothing's
28%
stop
28%
Say,
25%
up
25%
will
25%
Hey!
22%
paint
22%
end
19%
No matching quizzes found
Score Distribution
Percent of People with Each Score
Percentile by Number Answered
Your Score History
You have not taken this quiz